[Event "40 Nezhmetdinov Memorial"]
[Site "Kazan"]
[Date "2018.09.19"]
[Round "7.12"]
[White "Gabrielian, Artur"]
[Black "Palachev, Petr"]
[Result "1/2-1/2"]
[WhiteElo "2503"]
[BlackElo "2405"]
[PlyCount "49"]
[EventDate "2018.09.13"]

1. e4 e5 2. Nf3 Nf6 3. Nxe5 d6 4. Nf3 Nxe4 5. Qe2 Qe7 6. d3 Nf6 7. Bg5 Qxe2+ 8.
Bxe2 Be7 9. Nc3 h6 10. Bd2 Nc6 11. Nb5 Bd8 12. O-O-O Ne7 13. h3 Bd7 14. Nc3
Ned5 15. Ne4 Be7 16. Ng3 c6 17. c4 Nc7 18. Nd4 g6 19. Rhe1 O-O-O 20. Bf3 Rde8
21. Re2 Bd8 22. Rxe8 Nfxe8 23. Re1 f5 24. Nge2 Bf6 25. Bc3 1/2-1/2

[Event "40 Nezhmetdinov Memorial"]
[Site "Kazan"]
[Date "2018.09.19"]
[Round "7.13"]
[White "Kabanov, Nikolai"]
[Black "Bogdanov, Nikita"]
[Result "1-0"]
[WhiteElo "2484"]
[BlackElo "2244"]
[PlyCount "99"]
[EventDate "2018.09.13"]

1. e4 c6 2. d4 d5 3. exd5 cxd5 4. c3 Nc6 5. Bf4 Nf6 6. Nf3 g6 7. h3 Bg7 8. Be2
O-O 9. O-O Re8 10. Nbd2 Nh5 11. Bh2 Bh6 12. Bb5 Qb6 13. Qb3 Rd8 14. Rfe1 Na5
15. Qb4 Bf8 16. Ba4 Bd7 17. Qxb6 axb6 18. Bd1 Rac8 19. Ne5 Ng7 20. Nxd7 Rxd7
21. Ba4 Rdd8 22. Re2 e6 23. Bf4 Be7 24. Nf3 Nc4 25. Ne5 Nd6 26. a3 Nc4 27. Nxc4
Rxc4 28. Bb5 Rcc8 29. Rae1 Nh5 30. Bc1 Bd6 31. g3 Rc7 32. Kg2 Ng7 33. g4 Be7
34. Bf4 Bd6 35. Bh6 Bf8 36. Bd3 Ne8 37. Bf4 Bd6 38. Bc1 Kg7 39. f4 Rcd7 40. f5
Nc7 41. h4 Re8 42. h5 Rdd8 43. fxg6 fxg6 44. Rh1 Rh8 45. Rf2 Rhf8 46. Rxf8 Bxf8
47. hxg6 hxg6 48. Rh6 Kf7 49. Bxg6+ Kf6 50. g5+ 1-0

[Event "40 Nezhmetdinov Memorial"]
[Site "Kazan"]
[Date "2018.09.19"]
[Round "7.14"]
[White "Drygalov, Andrey"]
[Black "Yangutov, Aleksey"]
[Result "1/2-1/2"]
[WhiteElo "2465"]
[BlackElo "2159"]
[PlyCount "153"]
[EventDate "2018.09.13"]

1. e4 e5 2. Bc4 Nc6 3. Nf3 Nf6 4. d3 Be7 5. O-O O-O 6. Re1 d6 7. a4 h6 8. Nbd2
Be6 9. a5 a6 10. Nf1 Qd7 11. Ne3 Nd4 12. Nd2 c6 13. c3 Nb5 14. Bxe6 fxe6 15.
Ndc4 Bd8 16. Ng4 Bc7 17. Be3 Rae8 18. Rf1 Qf7 19. f4 Qg6 20. Nxf6+ Rxf6 21.
fxe5 Rxf1+ 22. Qxf1 d5 23. Nb6 Bxe5 24. Nd7 Bd6 25. Qf3 Rd8 26. Nc5 d4 27. Bxd4
Nxd4 28. cxd4 Bxc5 29. dxc5 Qg5 30. b4 Qe5 31. Rf1 Qd4+ 32. Kh1 Qxd3 33. Qf4
Qe2 34. h3 Rd2 35. Rg1 Rd4 36. Qb8+ Kh7 37. Qxb7 Qxe4 38. Qxa6 Rxb4 39. Qc8 Ra4
40. a6 Ra3 41. Kh2 h5 42. Qe8 Qe2 43. Kh1 Rxa6 44. Qc8 Ra5 45. Qxc6 Qe3 46. Qb6
Rxc5 47. Qb1+ Kg8 48. Qb8+ Kh7 49. Qb1+ Kg8 50. Qb8+ Kf7 51. Rf1+ Rf5 52. Rd1
Kg6 53. Qb1 Kh6 54. Re1 Rb5 55. Qd1 Qb6 56. Qd2+ Kh7 57. Qd3+ Kg8 58. Qg6 Rb2
59. Qe8+ Kh7 60. Qxh5+ Kg8 61. Qe8+ Kh7 62. Rxe6 Rb1+ 63. Re1 Rxe1+ 64. Qxe1
Qd4 65. Kh2 Qf4+ 66. Qg3 Qd4 67. h4 g6 68. Qe1 Qf4+ 69. Kh3 Qf5+ 70. Kh2 Qf4+
71. g3 Qf3 72. Qd2 Kg7 73. Qb2+ Kh7 74. Qd2 Kg7 75. Qd4+ Kh7 76. Qg1 Kh6 77. g4
1/2-1/2

[Event "40 Nezhmetdinov Memorial"]
[Site "Kazan"]
[Date "2018.09.19"]
[Round "7.15"]
[White "Hasangatin, Ramil"]
[Black "Markelova, Lubov"]
[Result "1-0"]
[WhiteElo "2490"]
[BlackElo "2169"]
[PlyCount "65"]
[EventDate "2018.09.13"]

1. Nf3 d5 2. g3 Nf6 3. Bg2 c6 4. d3 Bf5 5. Nh4 Bg4 6. h3 Bh5 7. g4 Bg6 8. e3 e6
9. Qe2 Be7 10. Nd2 Na6 11. a3 Nc5 12. b3 Nfd7 13. Nxg6 hxg6 14. d4 Na6 15. c4
g5 16. b4 O-O 17. Rb1 Nc7 18. Nb3 e5 19. cxd5 Nxd5 20. Bb2 Bf6 21. O-O Re8 22.
Qc2 Qe7 23. b5 Rac8 24. bxc6 Rxc6 25. Qd2 e4 26. Rfc1 Rb6 27. Qc2 g6 28. Nd2
Re6 29. Qb3 N7b6 30. Rc5 Qd7 31. Qc2 Na4 32. Rxd5 Qxd5 33. Qxa4 1-0

[Event "40 Nezhmetdinov Memorial"]
[Site "Kazan"]
[Date "2018.09.19"]
[Round "7.16"]
[White "Doroshenko, Diana"]
[Black "Maiorov, Nikita"]
[Result "0-1"]
[WhiteElo "2122"]
[BlackElo "2512"]
[PlyCount "96"]
[EventDate "2018.09.13"]

1. e4 e5 2. Nf3 Nc6 3. d4 exd4 4. Nxd4 Bc5 5. Nxc6 Qf6 6. Qf3 bxc6 7. Be2 Qxf3
8. Bxf3 Ne7 9. O-O Ng6 10. Nc3 Bd4 11. Rd1 Be5 12. Be3 d6 13. g3 O-O 14. Bg2
Bxc3 15. bxc3 Ne5 16. f4 Nc4 17. Bd4 Bg4 18. Re1 c5 19. Bf2 Rab8 20. a4 Rb2 21.
h3 Be6 22. Rec1 f6 23. g4 Rfb8 24. a5 Kf8 25. Bf3 Re8 26. Bg2 Bd7 27. Rab1 Reb8
28. Rxb2 Rxb2 29. e5 fxe5 30. Bd5 Nxa5 31. fxe5 Bc6 32. Ra1 Bxd5 33. Rxa5 Ra2
34. Rb5 Rxc2 35. Rb8+ Ke7 36. Rc8 Kd7 37. Rh8 Be4 38. Rg8 Ke6 39. Rxg7 Kxe5 40.
Re7+ Kd5 41. Rxc7 Rxc3 42. Rxa7 Rxh3 43. Kf1 Rb3 44. Ke2 Bg6 45. Ra6 Ke5 46.
Kd2 c4 47. Rc6 d5 48. Ba7 Kf4 0-1

[Event "40 Nezhmetdinov Memorial"]
[Site "Kazan"]
[Date "2018.09.19"]
[Round "7.17"]
[White "Samusenko, Maksim"]
[Black "Mamedjarova, Turkan"]
[Result "1-0"]
[WhiteElo "2442"]
[BlackElo "2312"]
[PlyCount "53"]
[EventDate "2018.09.13"]

1. d4 d5 2. Bf4 Nf6 3. Nc3 c6 4. f3 e6 5. Qd2 Bd6 6. Bxd6 Qxd6 7. e4 Qb4 8.
O-O-O b6 9. g4 Ba6 10. g5 Ng8 11. Bg2 Ne7 12. Qf4 Ng6 13. Qg3 Nd7 14. h4 O-O-O
15. a3 Qa5 16. f4 Ne7 17. f5 exf5 18. exd5 Nxd5 19. Nxd5 cxd5 20. Nh3 Rhe8 21.
Nf4 Bc4 22. Rh3 Re7 23. b3 Qxa3+ 24. Kb1 Rde8 25. Qc3 b5 26. Nxd5 Re2 27. Bf1
1-0

[Event "40 Nezhmetdinov Memorial"]
[Site "Kazan"]
[Date "2018.09.19"]
[Round "7.18"]
[White "Tsoi, Dmitry"]
[Black "Skatchkov, Valery"]
[Result "1/2-1/2"]
[WhiteElo "2422"]
[BlackElo "2253"]
[PlyCount "80"]
[EventDate "2018.09.13"]

1. c4 e5 2. g3 Nf6 3. Bg2 d5 4. cxd5 Nxd5 5. Nf3 Nc6 6. O-O Be6 7. d4 exd4 8.
Nxd4 Nxd4 9. Qxd4 c6 10. e4 Nb4 11. Qc3 Qd3 12. a3 Qxc3 13. Nxc3 Nd3 14. b4 Be7
15. Rd1 Nxc1 16. Rdxc1 Bf6 17. Rab1 O-O 18. b5 cxb5 19. Rxb5 Bxc3 20. Rxc3 b6
21. Rb1 Rac8 22. Rbc1 Rxc3 23. Rxc3 Rc8 24. Rxc8+ Bxc8 25. f4 Bb7 26. Kf2 Kf8
27. Bf3 Ke7 28. Ke3 f6 29. Be2 Bc6 30. Kd4 Kd6 31. Bc4 h6 32. h4 Bd7 33. Be2 a5
34. e5+ fxe5+ 35. fxe5+ Ke7 36. Kd5 Be8 37. Bg4 Bb5 38. Bc8 Be8 39. Bf5 Ba4 40.
Bg4 Be8 1/2-1/2

[Event "40 Nezhmetdinov Memorial"]
[Site "Kazan"]
[Date "2018.09.19"]
[Round "7.19"]
[White "Baghdasaryan, Vahe"]
[Black "Zhitnikov, Konstantin"]
[Result "1-0"]
[WhiteElo "2404"]
[BlackElo "2247"]
[PlyCount "69"]
[EventDate "2018.09.13"]

1. e4 c6 2. c4 d5 3. exd5 cxd5 4. cxd5 Nf6 5. Nc3 Nxd5 6. Nf3 Nc6 7. Bb5 e6 8.
O-O Be7 9. d4 O-O 10. Re1 Bd7 11. Nxd5 exd5 12. Qb3 a6 13. Bd3 Be6 14. Bd2 Bf6
15. Rac1 Na5 16. Bxa5 Qxa5 17. Qxb7 Rab8 18. Qxa6 Qxa6 19. Bxa6 Rxb2 20. a4 Bd7
21. a5 Ra8 22. Bc8 Ba4 23. a6 g6 24. Bb7 Ra7 25. g4 h6 26. Rc8+ Kg7 27. Ra8
Rxa8 28. Bxa8 Rb6 29. Bb7 Bc6 30. Bxc6 Rxc6 31. Ra1 Rc8 32. a7 Ra8 33. Ra6 Bd8
34. Ne5 Kf8 35. Nc6 1-0

[Event "40 Nezhmetdinov Memorial"]
[Site "Kazan"]
[Date "2018.09.19"]
[Round "7.20"]
[White "Pogorelskikh, Sergey"]
[Black "Salemgareev, Tagir"]
[Result "1-0"]
[WhiteElo "2202"]
[BlackElo "2394"]
[PlyCount "81"]
[EventDate "2018.09.13"]

1. e4 e5 2. Nf3 Nc6 3. Bb5 g6 4. d4 exd4 5. Bg5 Be7 6. Bxe7 Qxe7 7. Bxc6 dxc6
8. Qxd4 Nf6 9. Nc3 Bg4 10. Nd2 c5 11. Qe3 O-O-O 12. f3 Bd7 13. O-O-O Bc6 14.
Nc4 b6 15. Qg5 Rde8 16. h4 h6 17. Qd2 Qe6 18. b3 Nd7 19. Nd5 f5 20. Qf4 Bxd5
21. exd5 Qf6 22. Kb1 g5 23. hxg5 hxg5 24. Rxh8 Rxh8 25. Qe3 Qg6 26. Re1 f4 27.
Qe2 Qf5 28. d6 c6 29. Qe7 Qf6 30. Qe4 Kb7 31. a4 Qc3 32. Rd1 Qf6 33. a5 Rc8 34.
Rh1 Rh8 35. Rxh8 Qxh8 36. Qe7 Kc8 37. axb6 Qh1+ 38. Ka2 axb6 39. Qe8+ Kb7 40.
Qxd7+ Ka6 41. Qc7 1-0

[Event "40 Nezhmetdinov Memorial"]
[Site "Kazan"]
[Date "2018.09.19"]
[Round "7.21"]
[White "Sadykov, Ramil"]
[Black "Anchutin, Nikita"]
[Result "1-0"]
[WhiteElo "2364"]
[BlackElo "2221"]
[PlyCount "51"]
[EventDate "2018.09.13"]

1. e4 c5 2. Nf3 e6 3. d4 cxd4 4. Nxd4 a6 5. Bd3 Bc5 6. Nb3 Be7 7. Qg4 g6 8. Qe2
d6 9. O-O Nc6 10. a4 Bf6 11. c3 Bg7 12. Be3 Nf6 13. N1d2 O-O 14. a5 e5 15. Rfd1
Be6 16. Bc4 Qe7 17. f3 Rad8 18. Bxe6 fxe6 19. Nc4 Rf7 20. Bb6 Rd7 21. Rxd6 Rxd6
22. Bc5 Ne8 23. Nxd6 Nxd6 24. Rd1 Nd4 25. cxd4 exd4 26. e5 1-0

[Event "40 Nezhmetdinov Memorial"]
[Site "Kazan"]
[Date "2018.09.19"]
[Round "7.22"]
[White "Frolyanov, Dmitry"]
[Black "Zhafyarov, Adel"]
[Result "1-0"]
[WhiteElo "2532"]
[BlackElo "2202"]
[PlyCount "63"]
[EventDate "2018.09.13"]

1. e4 e5 2. Nf3 Nf6 3. Nxe5 d6 4. Nf3 Nxe4 5. d4 Be7 6. Bd3 Nf6 7. h3 O-O 8.
O-O Re8 9. c4 Nbd7 10. Nc3 Nf8 11. Bf4 Ne6 12. Bh2 g6 13. d5 Ng7 14. Nd4 Nd7
15. Bc2 a6 16. b3 Bf8 17. Qd2 Nb6 18. Bf4 Bd7 19. Rfe1 c5 20. dxc6 bxc6 21. Ne4
d5 22. Bc7 Qe7 23. Nd6 Qf6 24. Nxe8 Bxe8 25. Bxb6 c5 26. Bc7 cxd4 27. Be5 Qb6
28. Bxd4 Qb7 29. cxd5 Rc8 30. Bc3 Qc7 31. Re3 Bc5 32. Rf3 1-0

[Event "40 Nezhmetdinov Memorial"]
[Site "Kazan"]
[Date "2018.09.19"]
[Round "7.23"]
[White "Kalegin, Evgenij"]
[Black "Cervantes Landeiro, Thalia"]
[Result "0-1"]
[WhiteElo "2433"]
[BlackElo "2172"]
[PlyCount "92"]
[EventDate "2018.09.13"]

1. e4 e5 2. Bc4 Nc6 3. Nf3 Bc5 4. c3 Nf6 5. d3 O-O 6. O-O a6 7. Bb3 Ba7 8. Nbd2
d6 9. Nc4 Ne7 10. Be3 Ng6 11. Bxa7 Rxa7 12. Ne3 Nf4 13. g3 Nh3+ 14. Kg2 Ng4 15.
Qd2 h6 16. Nf5 Bxf5 17. exf5 Ng5 18. Bd1 Nh7 19. Re1 Ngf6 20. Nh4 Ra8 21. f4
exf4 22. Qxf4 Qd7 23. Bb3 Ng5 24. g4 Qb5 25. Nf3 Qxd3 26. Nxg5 hxg5 27. Qxg5
Rae8 28. Qf4 Re2+ 29. Kh1 Rfe8 30. Rxe2 Qxe2 31. g5 Ng4 32. Qg3 Nf2+ 33. Kg1
Re4 34. Rf1 Rg4 35. Rxf2 Rxg3+ 36. hxg3 Qe1+ 37. Kg2 Qe4+ 38. Kg1 d5 39. g6 c6
40. Bc2 Qe1+ 41. Kg2 Qe3 42. Bd1 fxg6 43. fxg6 Qe4+ 44. Bf3 Qxg6 45. a3 Qb1 46.
Bg4 g6 0-1

[Event "40 Nezhmetdinov Memorial"]
[Site "Kazan"]
[Date "2018.09.19"]
[Round "7.24"]
[White "Yeletsky, Ivan"]
[Black "Kozlov, Denis"]
[Result "1-0"]
[WhiteElo "2388"]
[BlackElo "2164"]
[PlyCount "109"]
[EventDate "2018.09.13"]

1. e4 e6 2. d4 d5 3. Nc3 Bb4 4. e5 Ne7 5. a3 Bxc3+ 6. bxc3 c5 7. a4 Nbc6 8. Nf3
Qa5 9. Bd2 Bd7 10. Bd3 h6 11. O-O c4 12. Be2 Qc7 13. Nh4 g5 14. Nf3 Ng6 15. h3
O-O-O 16. Nh2 f6 17. Bh5 Nf4 18. Bxf4 gxf4 19. exf6 e5 20. dxe5 Qxe5 21. f7 Rh7
22. Re1 Qg5 23. h4 Qxh4 24. Re8 Rxf7 25. Rxd8+ Nxd8 26. Bxf7 Nxf7 27. Qxd5 Qf6
28. Qxc4+ Bc6 29. Re1 Ne5 30. Qg8+ Kc7 31. Ng4 Nxg4 32. Qxg4 f3 33. gxf3 Qxc3
34. Re3 Qxc2 35. a5 Qc5 36. Qg7+ Kc8 37. Rd3 Qg5+ 38. Qxg5 hxg5 39. Kh2 b5 40.
axb6 axb6 41. Kg3 Bd7 42. Rd5 b5 43. Rxg5 Kc7 44. Kf4 Kd6 45. Ke3 b4 46. Kd4 b3
47. Kc3 Be6 48. f4 Ke7 49. Rb5 Kf6 50. Kd4 Bf7 51. Ke4 Bg6+ 52. f5 Bf7 53. Kf4
Bg8 54. Rb6+ Ke7 55. Ke5 1-0

[Event "40 Nezhmetdinov Memorial"]
[Site "Kazan"]
[Date "2018.09.19"]
[Round "7.25"]
[White "Volkov, Roman"]
[Black "Gubajdullin, Alexei"]
[Result "0-1"]
[WhiteElo "2065"]
[BlackElo "2358"]
[PlyCount "102"]
[EventDate "2018.09.13"]

1. e4 g6 2. d4 Bg7 3. Nc3 d6 4. Nf3 a6 5. Bc4 e6 6. O-O b5 7. Bd3 Bb7 8. a4 b4
9. Ne2 Nf6 10. Ng3 O-O 11. Re1 Nbd7 12. h3 c5 13. c3 cxd4 14. cxd4 e5 15. Be3
Re8 16. d5 Qa5 17. Nd2 Qc7 18. a5 Nc5 19. Bf1 Nfd7 20. Nc4 Rf8 21. Bd2 b3 22.
Ne3 h5 23. f3 h4 24. Nh1 f5 25. Nf2 Rf7 26. Rc1 Qd8 27. Nc4 Qf8 28. Bg5 Nf6 29.
Qd2 Nh5 30. Nd3 Nxd3 31. Qxd3 fxe4 32. fxe4 Bf6 33. Be3 Ng3 34. Rc3 Qe7 35.
Rxb3 Raf8 36. Rb6 Bg5 37. Be2 Bxe3+ 38. Qxe3 Rf6 39. Bf3 Bc8 40. Qg5 Qc7 41.
Qxh4 Qc5+ 42. Ne3 Qxa5 43. Qxg3 Qxb6 44. Re2 a5 45. Kh2 Ba6 46. Re1 Qxb2 47.
Ng4 Rxf3 48. Nh6+ Kh7 49. Qh4 Qf2 50. Qg5 Qxe1 51. Ng4 Qg3+ 0-1

[Event "40 Nezhmetdinov Memorial"]
[Site "Kazan"]
[Date "2018.09.19"]
[Round "7.26"]
[White "Ponfilenok, Vladimir"]
[Black "Emelianov, Fedor"]
[Result "1/2-1/2"]
[WhiteElo "2353"]
[BlackElo "2124"]
[PlyCount "80"]
[EventDate "2018.09.13"]

1. d4 f5 2. Nc3 Nf6 3. Bg5 d5 4. e3 e6 5. Nf3 Be7 6. Bd3 O-O 7. O-O Ne4 8. Bxe7
Qxe7 9. Ne2 c5 10. c4 dxc4 11. Bxc4 Nd6 12. Bb3 c4 13. Bc2 b5 14. b3 Bb7 15.
bxc4 Bxf3 16. gxf3 Rf6 17. Kh1 Rh6 18. Rg1 bxc4 19. d5 e5 20. Ng3 Qf7 21. Qb1
Rf6 22. e4 Nd7 23. Nxf5 Nxf5 24. exf5 Rb8 25. Qd1 Rd6 26. Be4 Nf6 27. Rc1 Rc8
28. Qa4 c3 29. Qa3 Qc7 30. Rgd1 Qc5 31. Qxc5 Rxc5 32. Kg2 Kf7 33. Rd3 Nxd5 34.
Bxd5+ Rdxd5 35. Rcxc3 Kf6 36. Rxd5 Rxd5 37. Rc6+ Kxf5 38. Rc7 Ra5 39. Rxg7 h6
40. Rh7 Kg6 1/2-1/2

[Event "40 Nezhmetdinov Memorial"]
[Site "Kazan"]
[Date "2018.09.19"]
[Round "7.27"]
[White "Murtazin, Ruslan"]
[Black "Vorobiev, Sergey"]
[Result "1-0"]
[WhiteElo "2295"]
[BlackElo "2092"]
[PlyCount "227"]
[EventDate "2018.09.13"]

1. e4 e5 2. Nf3 Nc6 3. Bc4 Bc5 4. c3 Qe7 5. O-O d6 6. d4 Bb6 7. h3 Nf6 8. Re1
h6 9. a4 a6 10. Be3 Ba7 11. Nbd2 g5 12. d5 Bxe3 13. Rxe3 Nb8 14. Nh2 Nbd7 15.
Ndf1 Nf8 16. Ng3 Ng6 17. Nf5 Bxf5 18. exf5 Nf4 19. g3 N4h5 20. Qd3 Rg8 21. Kf1
Kf8 22. Bb3 Nd7 23. Bd1 Nhf6 24. Ng4 Kg7 25. Kg2 Nxg4 26. hxg4 Nf6 27. Re1 Rae8
28. f3 Rh8 29. Qd2 Qd7 30. Bc2 Qd8 31. a5 Nd7 32. Rh1 Qf6 33. Be4 Rh7 34. b4
Reh8 35. Rh5 Ra8 36. c4 Rhh8 37. Qe3 Qe7 38. Rhh1 Rhc8 39. Rhc1 b6 40. Ra2 Ra7
41. Rca1 Rca8 42. Rc2 Rb8 43. Rca2 Rba8 44. Kg1 Qd8 45. Rh2 Qe7 46. Raa2 Rh8
47. Rh5 Qf6 48. Qc3 Rha8 49. Rhh2 Rh8 50. Ra3 Rha8 51. Rha2 Qd8 52. Qa1 Qb8 53.
Qc3 Qd8 54. Qe3 Qe7 55. Bd3 Qd8 56. Rh2 Qe7 57. Bc2 bxa5 58. Rxa5 Rb7 59. Qc3
Rab8 60. Ra4 Rb6 61. Be4 R8b7 62. Rha2 Rb8 63. Ra1 Qf8 64. Rc1 a5 65. b5 Ra8
66. Rxa5 Rxa5 67. Qxa5 Qb8 68. Ra1 Nc5 69. Qa7 Qxa7 70. Rxa7 Rb7 71. Ra8 Nd7
72. Bd3 Nb6 73. Ra6 Nd7 74. Be2 Nb8 75. Ra8 Nd7 76. Kf2 Nc5 77. Ke3 Kf6 78. Bd1
Nd7 79. Ra1 Kg7 80. Be2 f6 81. Kd2 Nc5 82. Kc3 Rb8 83. Kb4 Rb7 84. Ra8 Kf7 85.
Kc3 Kg7 86. Kd2 Nd7 87. Bd3 Nc5 88. Ke3 Nd7 89. f4 exf4+ 90. gxf4 Nc5 91. Be2
Nd7 92. fxg5 hxg5 93. Kd4 Nc5 94. Kc3 Ne4+ 95. Kd4 Nc5 96. Bd1 Nd7 97. Kc3 Nc5
98. Be2 Nd7 99. Kb4 Nc5 100. Ra1 Nd7 101. Ra6 Nc5 102. Rc6 Nd7 103. Bd1 Nb8
104. c5 dxc5+ 105. Kxc5 Nxc6 106. Kxc6 Rb6+ 107. Kxc7 Rxb5 108. d6 Rc5+ 109.
Kd7 Re5 110. Bf3 Kf8 111. Kc7 Rc5+ 112. Bc6 Ra5 113. d7 Ra7+ 114. Kd6 1-0

[Event "40 Nezhmetdinov Memorial"]
[Site "Kazan"]
[Date "2018.09.19"]
[Round "7.28"]
[White "Safin, Robert"]
[Black "Mukhutdinov, Tigran"]
[Result "1/2-1/2"]
[WhiteElo "2098"]
[BlackElo "2273"]
[PlyCount "34"]
[EventDate "2018.09.13"]

1. d4 d5 2. c4 e6 3. Nf3 c6 4. Qc2 dxc4 5. Qxc4 b5 6. Qc2 Bb7 7. Bd2 Na6 8. e4
Nf6 9. Nc3 Qb6 10. a3 Nb8 11. Bd3 h6 12. O-O Nbd7 13. Be3 Ng4 14. Bf4 Ngf6 15.
Be3 Ng4 16. Bf4 Ngf6 17. Be3 Ng4 1/2-1/2

[Event "40 Nezhmetdinov Memorial"]
[Site "Kazan"]
[Date "2018.09.19"]
[Round "7.29"]
[White "Makoveev, Ilya"]
[Black "Garifullina, Leya"]
[Result "0-1"]
[WhiteElo "2271"]
[BlackElo "2053"]
[PlyCount "106"]
[EventDate "2018.09.13"]

1. e4 e5 2. Nf3 Nc6 3. Bc4 Bc5 4. O-O Nf6 5. d3 O-O 6. a4 d6 7. c3 a6 8. Nbd2
Ba7 9. b4 Ne7 10. Re1 Ng6 11. Nf1 c6 12. Bb3 d5 13. exd5 Nxd5 14. Bd2 Qb6 15.
Ne3 Ndf4 16. Qc2 Qd8 17. d4 exd4 18. cxd4 Be6 19. Bxe6 Nxe6 20. Nf5 Ne7 21. Bg5
f6 22. Rxe6 Nxf5 23. Qxf5 fxg5 24. Qe4 Rf4 25. Qe3 Qf8 26. Re1 g4 27. Qb3 Kh8
28. Ne5 Bxd4 29. Nd3 Rxf2 30. Nxf2 Bxf2+ 31. Kh1 Bxe1 32. Rxe1 Rd8 33. Qc4 Qf5
34. Rf1 Qg6 35. Qd4 Re8 36. a5 Qe6 37. Qf4 h6 38. Qd4 Kh7 39. Qd3+ Qe4 40. Qd7
Re7 41. Qd6 Rf7 42. Rg1 Rf4 43. b5 cxb5 44. Qc5 Rf5 45. Qc1 Rf2 46. Qa1 Re2 47.
Qc3 b4 48. Qg3 Re3 49. Qh4 b3 50. Qf2 Re2 51. Qf1 b2 52. Qd1 Rxg2 53. Rxg2 b1=R
0-1

[Event "40 Nezhmetdinov Memorial"]
[Site "Kazan"]
[Date "2018.09.19"]
[Round "7.30"]
[White "Danielyan, Vahe"]
[Black "Yadigarov, Aivaz"]
[Result "1-0"]
[WhiteElo "2249"]
[BlackElo "1789"]
[PlyCount "105"]
[EventDate "2018.09.13"]

1. e4 c5 2. Nc3 d6 3. Nf3 Nf6 4. e5 dxe5 5. Nxe5 a6 6. Bc4 e6 7. a4 Qd4 8. Qe2
Bd6 9. Nf3 Qg4 10. d3 Nc6 11. Bd2 Nd4 12. Nxd4 cxd4 13. Qxg4 Nxg4 14. Ne4 Be7
15. h3 Ne5 16. Bb3 O-O 17. O-O b6 18. Rae1 Ng6 19. f4 h6 20. g4 Nh4 21. Re2 Kh7
22. Be1 Bb7 23. f5 exf5 24. gxf5 Bg5 25. Nxg5+ hxg5 26. Bxh4 gxh4 27. Rf4 Kh6
28. Re7 Bc6 29. Rxd4 Kg5 30. Rd6 Bf3 31. Kf2 Bh5 32. Rxb6 Kxf5 33. d4 Rfe8 34.
Rbb7 Kf6 35. Rxe8 Rxe8 36. Rb6+ Kg5 37. Bc4 f5 38. d5 Bf7 39. b3 Re4 40. Rxa6
Kf4 41. Ra7 Bh5 42. Bd3 Rd4 43. a5 Rxd5 44. a6 g5 45. Rc7 g4 46. Rc4+ Kg5 47.
a7 g3+ 48. Kg1 Rd8 49. Rc5 Ra8 50. Bxf5 Kf4 51. Ra5 Bf3 52. Bd3 Rd8 53. Rf5+
1-0

[Event "40 Nezhmetdinov Memorial"]
[Site "Kazan"]
[Date "2018.09.19"]
[Round "7.31"]
[White "Shafigullina, Zarina"]
[Black "Martynyuk, Elizaveta"]
[Result "1-0"]
[WhiteElo "2242"]
[BlackElo "2078"]
[PlyCount "97"]
[EventDate "2018.09.13"]

1. e4 c5 2. Nf3 e6 3. d4 cxd4 4. Nxd4 Nc6 5. Nb5 d6 6. Bf4 e5 7. Be3 Nf6 8.
N1c3 a6 9. Na3 Be6 10. Nd5 Bxd5 11. exd5 Qa5+ 12. c3 Qxd5 13. Qa4 Qa5 14. Qb3
b5 15. Nc2 Rb8 16. Nb4 Nxb4 17. cxb4 Qd8 18. a4 Be7 19. axb5 axb5 20. Ra5 Qd7
21. Qd3 O-O 22. Be2 d5 23. Bc5 e4 24. Qd4 Rfc8 25. O-O Bd8 26. Ra7 Qf5 27. Qe3
Nd7 28. Qg3 Nf6 29. Qd6 h6 30. Qf8+ Kh7 31. Qxf7 Qg6 32. Qe6 Bc7 33. Qe7 Bb6
34. Ra6 Rc6 35. Bxb6 Rcxb6 36. Rxb6 Rxb6 37. Qc5 Rb8 38. Bxb5 d4 39. Bc6 d3 40.
b5 Qg4 41. Qd6 Rb6 42. Qd4 Rb8 43. f3 Qh4 44. fxe4 Ng4 45. h3 Rd8 46. Bd5 Nf6
47. Qxd3 Kh8 48. Rf2 Qg5 49. b6 1-0

[Event "40 Nezhmetdinov Memorial"]
[Site "Kazan"]
[Date "2018.09.19"]
[Round "7.32"]
[White "Khazieva, Elza"]
[Black "Shoboev, Dandar"]
[Result "1-0"]
[WhiteElo "2083"]
[BlackElo "2237"]
[PlyCount "33"]
[EventDate "2018.09.13"]

1. e4 e5 2. Nf3 Nc6 3. Bc4 Nf6 4. d3 Bc5 5. c3 d6 6. Bb3 a6 7. Nbd2 Ba7 8. O-O
h6 9. Nc4 g5 10. Be3 g4 11. Ne1 Qe7 12. Bxa7 Nxa7 13. f4 exf4 14. Rxf4 Be6 15.
d4 O-O-O 16. d5 Bd7 17. Qd4 1-0

[Event "40 Nezhmetdinov Memorial"]
[Site "Kazan"]
[Date "2018.09.19"]
[Round "7.33"]
[White "Glukhov, Alexander"]
[Black "Nikitin, Georgy"]
[Result "1/2-1/2"]
[WhiteElo "2236"]
[BlackElo "1763"]
[PlyCount "82"]
[EventDate "2018.09.13"]

1. d4 Nf6 2. Bf4 e6 3. e3 c5 4. c4 cxd4 5. exd4 d5 6. Nc3 Bb4 7. Bxb8 Bxc3+ 8.
bxc3 Rxb8 9. Qa4+ Bd7 10. Qa3 Qe7 11. Qxe7+ Kxe7 12. cxd5 Nxd5 13. c4 Nf6 14.
Nf3 Bc6 15. Ne5 Rhd8 16. Rd1 Ne4 17. f3 Nc3 18. Rd2 f6 19. Ng4 Rd7 20. Ne3 Rbd8
21. Rc2 Na4 22. d5 exd5 23. cxd5 Bxd5 24. Bb5 Bc6 25. Bxc6 bxc6 26. Rxc6 Kf7
27. O-O Re8 28. Rc4 Rxe3 29. Rxa4 Re2 30. Rc1 h5 31. Kh1 Kg6 32. Rg1 Kh6 33. h4
Rdd2 34. Rxa7 Rd4 35. Kh2 Rxh4+ 36. Kg3 Rd4 37. Ra5 Rdd2 38. a4 Ra2 39. Ra8 g6
40. a5 Ra4 41. a6 Rea2 1/2-1/2

[Event "40 Nezhmetdinov Memorial"]
[Site "Kazan"]
[Date "2018.09.19"]
[Round "7.34"]
[White "Filipenko, Alexander V"]
[Black "Gavrilin, Roman"]
[Result "1-0"]
[WhiteElo "2245"]
[BlackElo "2054"]
[PlyCount "45"]
[EventDate "2018.09.13"]

1. e4 e5 2. Nf3 Nc6 3. Bb5 a6 4. Ba4 Nf6 5. O-O Be7 6. Re1 b5 7. Bb3 d6 8. a4
b4 9. d4 Bg4 10. dxe5 Nxe5 11. Nbd2 Qc8 12. h3 Bh5 13. Re3 O-O 14. Qe1 Nfd7 15.
Nxe5 dxe5 16. Nc4 Rd8 17. Rd3 Qb7 18. f3 Kf8 19. Be3 a5 20. Rad1 Qc6 21. Rd5
Rac8 22. Nxa5 Qa8 23. Nc4 1-0

[Event "40 Nezhmetdinov Memorial"]
[Site "Kazan"]
[Date "2018.09.19"]
[Round "7.35"]
[White "Maneluk, Daniil"]
[Black "Murzin, Lenar"]
[Result "1-0"]
[WhiteElo "2170"]
[BlackElo "2007"]
[PlyCount "65"]
[EventDate "2018.09.13"]

1. e4 c5 2. Nf3 Nc6 3. d4 cxd4 4. Nxd4 e6 5. Nc3 Qc7 6. Be3 a6 7. Qd2 Nf6 8.
O-O-O b5 9. f3 Ne5 10. Bf4 Bb7 11. Ndxb5 axb5 12. Nxb5 Qb8 13. Kb1 Bc6 14. Qd4
Bxb5 15. Bxe5 Qb7 16. Bxb5 Qxb5 17. b3 Be7 18. a4 Qb7 19. Rd3 Ra6 20. Bxf6 Bxf6
21. e5 Be7 22. Rhd1 d5 23. exd6 Bf6 24. d7+ Kd8 25. Qc5 Qc6 26. Qb4 Kc7 27.
Qf4+ e5 28. Qd2 Kb7 29. d8=Q Rxd8 30. Rxd8 Bxd8 31. Qxd8 Rb6 32. Rd7+ Ka6 33.
Rc7 1-0

[Event "40 Nezhmetdinov Memorial"]
[Site "Kazan"]
[Date "2018.09.19"]
[Round "7.36"]
[White "Bulatova, Kamaliya"]
[Black "Pogorelskikh, Sofia"]
[Result "1/2-1/2"]
[WhiteElo "2137"]
[BlackElo "2037"]
[PlyCount "83"]
[EventDate "2018.09.13"]

1. d4 Nf6 2. c4 g6 3. Nc3 d5 4. Bf4 Bg7 5. e3 O-O 6. Nf3 Be6 7. Ng5 Bc8 8. Rc1
c6 9. Be2 h6 10. Nf3 Be6 11. Qb3 Qb6 12. c5 Qxb3 13. axb3 Bg4 14. Nd2 Bxe2 15.
Kxe2 Nh5 16. Bc7 Rc8 17. Bxb8 Raxb8 18. Ra1 a6 19. f4 Nf6 20. Na4 Nd7 21. Kd3
f6 22. Rhe1 e5 23. g3 Re8 24. b4 e4+ 25. Kc2 f5 26. h3 Kf7 27. Nc3 Nf8 28. Nb3
Ne6 29. Na4 Bf6 30. Nb6 Nf8 31. Rf1 Bd8 32. Na4 Nd7 33. Nc3 Bc7 34. Ne2 Rg8 35.
g4 Nf6 36. Rg1 fxg4 37. hxg4 h5 38. g5 Ne8 39. Rh1 Ng7 40. Ng3 Ke6 41. Nd2 Rh8
42. Rh4 1/2-1/2

[Event "40 Nezhmetdinov Memorial"]
[Site "Kazan"]
[Date "2018.09.19"]
[Round "7.37"]
[White "Ismagilov, Igor"]
[Black "Filippova, Margarita"]
[Result "0-1"]
[WhiteElo "1952"]
[BlackElo "2103"]
[PlyCount "108"]
[EventDate "2018.09.13"]

1. d4 d5 2. Bf4 Nf6 3. e3 c5 4. c3 Nc6 5. Bd3 Qb6 6. Qc1 cxd4 7. exd4 e5 8.
dxe5 Ng4 9. Qd2 Bc5 10. Nh3 Ngxe5 11. Bxe5 Nxe5 12. Qe2 O-O 13. Qxe5 Bxh3 14.
Qh5 g6 15. Qxh3 Rae8+ 16. Kd1 Qxb2 17. Qd7 Qxa1 18. Qb5 Qxa2 19. Qxc5 d4 20.
cxd4 Qxf2 21. Rf1 Qe3 22. Qc3 Rc8 23. Re1 Qf2 24. Qb4 Rfd8 25. Re4 Qg1+ 26. Qe1
Qxg2 27. Nd2 Qg5 28. h4 Qh5+ 29. Be2 Qa5 30. Bc4 Rxc4 31. Re8+ Rxe8 32. Qxe8+
Kg7 33. Nxc4 Qa1+ 34. Ke2 Qxd4 35. Qe5+ Qxe5+ 36. Nxe5 Kf6 37. Nc4 Ke6 38. Na5
b6 39. Nc6 a5 40. Nd4+ Kd5 41. Kd3 Kc5 42. Nf3 f6 43. Kc3 b5 44. Nd4 b4+ 45.
Kd3 a4 46. Ne6+ Kd5 47. Nf8 a3 48. Kc2 Kc4 49. Nxh7 b3+ 50. Kb1 Kc3 51. Nxf6
a2+ 52. Ka1 b2+ 53. Kxa2 Kc2 54. Ka3 b1=Q 0-1